Načítá se...

Special edition using Unix /

Podrobná bibliografie
Hlavní autor: Kuo, Peter
Médium: Printed Book
Jazyk:English
Vydáno: New Delhi: PHI, c1999.
Vydání:Special ed., 3rd ed.
Témata:
LEADER 00612cam a2200181 a 4500
005 20200810155414.0
008 980429s1998 inua 001 0 eng d
082 0 0 |a 005.4/3UN  |b KUO 
100 1 |a Kuo, Peter,  |9 8915 
245 1 0 |a Special edition using Unix /  |c Peter Kuo. 
250 |a Special ed., 3rd ed. 
300 |a xvi, 816 p. :  |b ill. ;  |c 23 cm. + 
653 |a Operating systems (Computers) 
942 |c BK  |6 _ 
260 |a New Delhi:  |b PHI,  |c c1999. 
020 |a 0789717476 
999 |c 215235  |d 215235 
952 |0 0  |1 0  |2 ddc  |4 0  |6 00543UN_KUO  |7 0  |9 278983  |a PHY  |b PHY  |d 2011-07-04  |o 005.4/3UN KUO  |p PHY012348  |r 2011-07-04  |w 2011-07-04  |y BK